Detalles MARC
| 000 -LIDER |
| fixed length control field |
02720nam a22003137a 4500 |
| 003 - IDENTIFICACDOR DE NÚMERO DE CONTROL |
| control field |
DO-SdBNP |
| 005 - DATE AND TIME OF LATEST TRANSACTION |
| control field |
20220628114537.0 |
| 008 - ELEMENTOS DE LONGITUD FIJA |
| fixed length control field |
171123b2008 sp a 00| 0 spa d |
| 020 ## - ISBN |
| International Standard Book Number |
9788484734673 |
| 040 ## - FUENTE DE CATALOGACIÓN |
| Agencia que crea de manera original el registro |
BPMSU |
| Idioma de catalogación |
spa |
| Agencia que realiza la transcripción |
BPMSU |
| 082 ## - NÚMERO DE CLASIFICACIÓN DECIMAL DE DEWEY |
| Classification number |
617.643 |
| Item number |
|
| 245 00 - MENCIÓN DE TITULO |
| Título |
Cirugía bucal / |
| Subtítulo |
editores Cosme Gay Escoda, Leonardo Berini Aytés ; prólogo Manuel Alfonso Villa Vigil |
| 260 ## - PUBLICACIÓN, DISTRIBUCIÓN, ETC. (PIE DE IMPRENTA) |
| Lugar de publicación, distribución, etc |
Barcelona : |
| Nombre del editor, distribuidor, etc. |
Océano / ergon, |
| Fecha de publicación, distribución, etc |
2007. |
| 300 ## - DESCRIPCIÓN FÍSICA |
| Extensión |
v. : |
| Otros detalles físicos |
il. ; |
| Dimensiones |
29 cm. |
| 500 ## - NOTA GENERAL |
| Nota general |
Incluye índice analítico |
| 504 ## - NOTA DE BIBLIOGRAFÍA, ETC. |
| Bibliography, etc |
Bibliografía : p. 653-687 |
| 505 0# - NOTA DE CONTENIDO |
| Texto normalizado de contenido |
v. 1 : 1 La Cirugía Bucal como especialidad Principios básicos de la Cirugía Bucal, Estudio clínico y radiológico del paciente, Información y consentimiento ; 2 Instrumental y material quirúrgico, Asepsia y esterilización ; 3 La intervención quirúrgica, Estudios preoperatorios. Hemostasia ; 4 Tiempos operatorios en Cirugía Bucal ; 5 Técnicas anestésicas en Cirugía Bucal ; 6 Principios básicos de la exodoncia ; 7 Extracción de dientes permanentes en el maxilar superior y en la mandíbula ; 8 Extracción de restos radiculares, Exodoncias complejas, Exodoncia quirúrgica, Odontosección ; 9 Extracción de dientes erupcionado en posición ectópica, Exodoncias múltiples. Alveoloplastia. Extracción de dientes temporales ; 10 Accidentes y complicaciones de la exodoncia -- v. 2 : 11 Dientes incluidos. Causas de la inclusión dentaria, Posibilidades terapéuticas ante una inclusión dentaria ; 12 Cordales incluidos. Patología, clínica y tratamiento del tercer molar incluido ; 13 Cordales incluidos. Exodoncia quirúrgica, Complicaciones ; 14 Caninos incluidos. Patología,clínica y tratamiento ; 15 Otras inclusiones dentarias, Mesiodens y otros dientes supernumerarios. Dientes temporales supernumerarios. Dientes temporales incluidos ; 16 Tratamiento ortodóncico-quirúrgico de los dientes incluidos ; 17 Frenillos bucales ; 18 La infección odontogénica: concepto,etiopatogenia, bacteriología y clínica ; 19 Vías de propagación de la infección odontogénica ; 20 Normas generales de tratamiento de la infección odontogénica. Antibioticoterapia. Profilaxis de las infecciones postquirúrgica y a distancia ; 21 Tratamiento quirúrgico de la infección odontogénica ; Bibliografía índice analítico. |
| Campo enlazado y núm. de secuencia |
|
| 590 ## - NOTA LOCAL |
| Enlace |
Inventariado, 2022/VM |
| 650 #4 - ENCABEZAMIENTO DE MATERIA--TEMÁTICO |
| Término temático o nombre geográfico como elemento de entrada |
Odontología. |
| 650 #4 - ENCABEZAMIENTO DE MATERIA--TEMÁTICO |
| Término temático o nombre geográfico como elemento de entrada |
Cirugía dental. |
| 650 #4 - ENCABEZAMIENTO DE MATERIA--TEMÁTICO |
| Término temático o nombre geográfico como elemento de entrada |
Estomatología. |
| 700 1# - ASIENTO SECUNDARIO -- NOMBRE PERSONAL |
| Nombre personal |
Gay Escoda, Cosme, |
| Mención de responsabilidad |
editor |
| 700 1# - ASIENTO SECUNDARIO -- NOMBRE PERSONAL |
| Nombre personal |
Berini Aytés, Leonardo, |
| Mención de responsabilidad |
editor |
| 700 1# - ASIENTO SECUNDARIO -- NOMBRE PERSONAL |
| Nombre personal |
Villa Vigil, Manuel Alfonso, |
| Mención de responsabilidad |
prólogo |
| 710 2# - ASIENTO SECUNDARIO -- NOMBRE CORPORATIVO |
| Nombre corporativo o de jurisdicción |
Océano |
| 942 ## - ADDED ENTRY ELEMENTS (KOHA) |
| Source of classification or shelving scheme |
Dewey Decimal Classification |
| Koha item type |
Libros |
| 945 ## - INFORMACIÓN DE PROCESAMIENTO LOCAL |
| Información de procesamiento local |
Inventario extranjero / 2017 BT |
| 956 ## - LOCAL ELECTRONIC LOCATION AND ACCESS (OCLC) |
| Nombre de host |
BTAVAREZ |
| Número de acceso |
10 |
| Información de compresión |
20111123 |
| Trayectoria |
0038 |